Corporate communication : principles, techniques and strategies
Αποθηκεύτηκε σε:
| Κύριος συγγραφέας: | |
|---|---|
| Μορφή: | Βιβλίο |
| Γλώσσα: | English |
| Δημοσίευση: |
London :
Kogan Page Limited,
1997
|
| Θέματα: | |
| Ετικέτες: |
Προσθήκη ετικέτας
Δεν υπάρχουν, Καταχωρήστε ετικέτα πρώτοι!
|
MARC
| LEADER | 00000nam a2200000 i 4500 | ||
|---|---|---|---|
| 001 | 1/64694 | ||
| 008 | 980817s1997 eng d | ||
| 020 | |a 0749423730 | ||
| 035 | |l 10029473 | ||
| 040 | |a GR-MY-UA |b gre |e aacr | ||
| 041 | 0 | |a eng | |
| 082 | 0 | |a 658.45 | |
| 100 | 1 | |a Oliver, Sandra. | |
| 245 | 1 | 0 | |a Corporate communication : |b principles, techniques and strategies / |c Oliver Sandra |
| 260 | |a London : |b Kogan Page Limited, |c 1997 | ||
| 300 | |a 233 p. | ||
| 504 | |a Includes bibliopgraphy and index | ||
| 650 | 0 | 0 | |a Communication in organizations. |
| 852 | |a INST |b CHIOS |e 19980817 |h 658.45 OLI |p 005200015987 |q 005200015987 |t BK |y 0 | ||
| 901 | |a BIBL-1998-2 | ||
| 909 | |a Χ |b 058252 | ||
| 922 | |a 2ΕΛΗ |b 199806 |c ΤΔΕ |d ΠΑΠΑΣΩΤΗΡΙΟΥ | ||